| 000 | 00819nam a22002297a 4500 | ||
|---|---|---|---|
| 999 |
_c111 _d111 |
||
| 003 | AR-CdUCM | ||
| 008 | 190221b ||||| |||| 00| 0 spa d | ||
| 040 |
_aMUNICIPALIDAD PROVINCIAL DEL CUSCO _cBIBLIOTECA MUNICIPAL DEL CUSCO |
||
| 082 |
_a869.508 / _bP91 |
||
| 100 |
_aPuente, José Felix de la _9543 |
||
| 245 |
_aEvaristo Buendia : _bcandidato / _cPuente, José Felix de la |
||
| 260 |
_aLima : _bPopulibros Peruanos, |
||
| 300 |
_a240 páginas ; _c17cm. |
||
| 440 |
_aPopulibros peruanos, _n 6a serie _9544 |
||
| 505 | _aNovela en la que se denuncia el armazón artificioso de las instituciones, retratar la vida y paisaje nacional. | ||
| 650 |
_aNovelas peruanas. _9545 |
||
| 650 |
_aCostumbres. _9230 |
||
| 650 |
_aSiglo XX. _98 |
||
| 650 |
_aPerú. _935 |
||
| 942 |
_2ddc _cLIBROS |
||
| 945 |
_admma _d2019-02-21 |
||